VMS Library
Email : library.aptu@gmail.com / Tel. 0-2986-9605-6 ext.2003 / Line Official : @vmslibrary
เปลี่ยนเป็นภาษาไทย

Change to English
 แสดงรายละเอียดบรรณานุกรม
  กลับหน้าหลัก

Brief Record : Get Marc (ISO 2709) : E-mail record : QR code ปิดหน้าต่าง
E-Book หนังสือทั่วไป : เกี่ยวกับ Collections
LEADER 00000nam 2200000uu 4500
001    13399137007
003     ULIBM
008    260429s2569||||th 000 0 tha d
020    ^a9786166315646
050  4 ^aRA967^b.ก726 2569
100 0  ^aกุลธิดา แสงนิล.
245 10 ^aหลักการออกแบบสถาปัตยกรรมโรงพยาบาล :^bแผนกผู้ป่วยนอก /^cกุลธิดา แสงนิล วีระภัทร์ กระหม่อมทอง และ นรมน ปัญจปิยะกุล.
246 11 ^aPrinciples of Hospital Architecture Design :^bOutpatient Department.
260    ^aกรุงเทพฯ :^bโรงพิมพ์เดือนตุลา,^c2569.
300    ^a312 หน้า.
505 0  ^a1 บทนำ -- 2 พัฒนาการด้านกายภาพแผนกผู้ป่วยนอก -- 3 หลักการ ข้อพิจารณา และข้อกำหนดที่เกี่ยวข้องในการออกแบบแผนกผู้ป่วยนอก -- 4 ลักษณะเฉพาะของคลินิกในแผนกผู้ป่วยนอกที่ส่งผลต่อการออกแบบ -- 5 ลักษณะทางกายภาพของพื้นที่ต่าง ๆ ในแผนกผู้ป่วยนอก -- 6 การกำหนดรายละเอียดส่วนประกอบทางกายภาพอื่น ๆ -- 7 งานระบบวิศวกรรมประกอบอาคารที่เกี่ยวข้อง -- 8 บทส่งท้าย แนวโน้มที่ส่งผลต่อการออกแบบแผนกผู้ป่วยนอก
650  7 ^aอาคารโรงพยาบาล^xการออกแบบและการสร้าง.
650  7 ^aโรงพยาบาล^xการออกแบบและการสร้าง.
650  7 ^aโรงพยาบาล^xการออกแบบตกแต่ง.
700 0  ^aวีระภัทร์ กระหม่อมทอง.
700 0  ^aนรมน ปัญจปิยะกุล.
999    ^aปวีนา มาลยาภรณ์
รายการนี้ยังไม่มีแท็ก
คุณยังไม่ได้ล็อกอิน คุณสามารถมีกิจกรรมร่วมกับเว็บไซต์ได้ แต่ต้องล็อกอินก่อน ::
  ล็อกอิน
ลำดับที่ ประเภท เลขเรียก/บาร์โค้ด สถานที่ สถานะ
1. หนังสือ
หนังสือ
RA967 .ก726 2569  
  Barcode: 3 26 025541
หนังสือทั่วไป On Shelf
  ขอยืม
2. หนังสือ
หนังสือ
RA967 .ก726 2569 ฉ.2 
  Barcode: 3 26 025542
หนังสือทั่วไป On Shelf
  ขอยืม
   [แสดง 2/2 รายการ]

รายการใกล้เคียง
    ผู้แต่ง [กุลธิดา แสงนิล.]

BibComment


ยังไม่เคยถูกคอมเมนท์

คอมเมนท์ทรัพยากรรายการนี้
  คอมเมนท์: หลักการออกแบบสถา..
Bib 13399137007
 
 
 

 Union Library Management : ULibM
Copyright 2026. All Rights Reserved.